Thinking Fast and Slow
Guardat en:
| Autor principal: | |
|---|---|
| Format: | Llibre |
| Publicat: |
Uteneb
|
| Matèries: | |
| Etiquetes: |
Sense etiquetes, Sigues el primer a etiquetar aquest registre!
|
MARC
| LEADER | 00000nam a2200000Ia 4500 | ||
|---|---|---|---|
| 005 | 20260427112708.0 | ||
| 526 | |b Economics | ||
| 100 | |a Daniel Kahneman | ||
| 020 | |a 9783443951207 | ||
| 650 | |a Behavioral Economics | ||
| 526 | |a Bachelors | ||
| 942 | |c BK | ||
| 245 | |a Thinking Fast and Slow | ||
| 260 | |b Uteneb | ||
| 999 | |c 75 |d 75 | ||
| 952 | |0 0 |1 0 |4 0 |7 0 |8 1 |a BRISTOL |b BRISTOL |d 2026-04-22 |l 0 |p 000032 |r 2026-04-27 11:27:08 |w 2026-04-27 |y BK | ||